000 00873cam a2200313 a 4500
001 12178805
003 OSt
005 20140310184335.0
008 000919r19971996at j 000 1 eng
010 _a 00704922
020 _a0330360051 (pbk.)
040 _aDLC
_cDLC
042 _alcac
050 0 0 _aPZ 7
_b.M35145Db 2006
100 1 _aMarsden, John,
_d1950-
_924126
245 1 0 _aDarkness be my friend /
_cJohn Marsden.
260 _aSydney :
_bPan Macmillan Australia,
_cc2006.
300 _a275 p. ;
_c18 cm.
521 _aG5
526 _c770
650 1 _aSurvival
_vFiction.
_924127
650 1 _aWar
_vFiction.
_924128
651 1 _aAustralia
_vFiction.
_924129
906 _a7
_bcbc
_corignew
_d2
_encip
_f20
_gy-gencatlg
942 _2lcc
_cBK-SCHOLAS
999 _c33729
_d33729